| 000 | 01132nam a22002537a 4500 | ||
|---|---|---|---|
| 999 |
_c5004 _d5004 |
||
| 003 | AR-CdUCM | ||
| 008 | 190311b ||||| |||| 00| 0 spa d | ||
| 040 |
_aMUNICIPALIDAD PROVINCIAL DEL CUSCO _cBIBLIOTECA MUNICIPAL DEL CUSCO |
||
| 082 |
_22ed. _a301.362 / _bM23 |
||
| 100 |
_aMatos Mar, José _94659 |
||
| 245 | _aLas barriadas de Lima, 1957 / | ||
| 260 |
_aLima : _bInstituto de Estudios Peruanos, _c1977. |
||
| 300 |
_a293 paginas ; _bPlanos, Ilustraciones, _c23.5 cm. |
||
| 440 |
_aUrbanización, migraciones y cambios en la sociedad peruana _n1 _915306 |
||
| 505 | _aLas barriadas y la ciudad de Lima -- Origen, formación y consolidación de algunas barriadas representativas -- Ciudad de dios: la configuración interna de una barriada -- Los pobladores -- Participación de los pobladores en la solución de sus necesidades ... | ||
| 650 |
_aAsentamientos Humanos _915307 |
||
| 650 |
_aBarriadas _915308 |
||
| 650 |
_aAspectos sociales y económicos _915309 |
||
| 650 |
_aPoblación _93673 |
||
| 650 |
_aSociología urbana _915310 |
||
| 710 |
_aInstituto de Estudios Peruanos _936 |
||
| 942 |
_2ddc _cLIBROS |
||
| 945 | _aacv | ||